Wings of Fire Ultimate Quiz - Statistics

General Stats
  • This quiz has been taken 908 times
  • The average score is 9 of 10
Answer Stats
Question Answer % Correct
Who is the protagonist of The Lost Heir? Tsunami
97%
What is the only known MudWing with fireproof scales? Clay
96%
Which dragon has firescales? Peril
96%
Which direction is Pantala from Pyrrhia? West
94%
Which tribe had the first known animus? IceWings
92%
Who is the queen of the IceWings as of Book 13? Queen Snowfall
90%
Who is the youngest living daughter of Queen Coral as of Book 13? Auklet
89%
Who is "Snudoo"? Sundew
86%
Which sibling of Clay was killed by Icicle? Crane
82%
Which SkyWing died in the History Cave Explosion? Carnelian
78%
No matching quizzes found
Score Distribution
Percent of People with Each Score
Percentile by Number Answered
Your Score History
You have not taken this quiz